Statistics for Countries Jacinda Ardern has visited

Click here to take the quiz!

General Stats

  • This quiz has been taken 93 times
    (20 since last reset)
  • The average score is 15 of 21

Answer Stats

ContinentCountry% Correct
OceaniaAustralia
100%
EuropeFrance
94%
EuropeUnited Kingdom
94%
EuropeBelgium
88%
AsiaChina
88%
OceaniaFiji
88%
EuropeGermany
88%
AsiaJapan
88%
EuropeSpain
88%
OceaniaSamoa
81%
OceaniaTonga
81%
North AmericaUnited States of America
81%
OceaniaNauru
69%
OceaniaPapua New Guinea
63%
AsiaThailand
56%
OceaniaTuvalu
56%
EuropeSwitzerland
50%
Asiathe Philippines
50%
AsiaVietnam
50%
AsiaSingapore
44%
AsiaCambodia
25%

Score Distribution

Percentile by Number Answered

Percent of People with Each Score

Your Score History

You have not taken this quiz since the last reset